Представление документа в формате RUSMARC

ПолеНазваниеЗначение
  Тип записи a
  Библиографический уровень m
001 Контрольный номер f26dd975600b4a29b35e51dacaf1ffb7
005 Дата корректировки 20250203101734.6
010 Индекс ISBN __
a ISBN 978-5-699-97200-5
b Уточнения в пер.
100 Данные общей обработки __
a Данные общей обработки 20241211d 0rusy0189## ca
101 Язык документа 0_
a Язык текста rus
102 Страна публикации __
a Страна публикации RU
200 Заглавие и сведения об ответственности 1_
a Заглавие Детям о важном. Про Диму и других
e Сведения, относящиеся к заглавию как говорить на сложные темы
f Первые сведения об ответственности Наталья Ремиш
g Последующие сведения об ответственности ил. Анастасии Гильметдиновой
210 Выходные данные 1_
a Место издания Москва
c Издательство Э
d Дата издания 2017
215 Физическое описание __
a Объем 127, [1] с.
c Иллюстрации/тип воспроизводства цв. ил.
225 Серия 2_
a Серия Детям о важном
300 Общие примечания __
a Общие примечания Содерж.: Про Диму ; Бабушка ; Тюбетейка ; Велосипед ; Франческа
333 Примечание о целевом назначении __
a Примечание о целевом назначении 12+
606 Тематические рубрики 0_
a Основная рубрика Русская детская литература, 21 в.
606 Тематические рубрики 0_
a Основная рубрика Семейное воспитание и образование
610 Ключевые слова 0_
a Ключевые слова стихи для детей; семейное воспитание; воспитание толерантности; сочувствие (х. л.); люди с особенностями развития (х. л.); детская дружба (х. л.); сложные темы; материальные ценности (х. л.); отношения взрослых и детей (х. л.); полезные советы детям; полезные советы родителям; взаимоотношения детей (х. л.); отношение к старости (х. л.)
686 Индексы других классификаций __
a Классификационный индекс Р2
686 Индексы других классификаций __
a Классификационный индекс 74.9
700 Автор _1
a Фамилия Ремиш
b Имя (инициалы) Н.
g Полное личное имя Наталья
801 Источник записи _0
a Страна RU
b Организация УОБДЮ
c Дата составления 20241211
g Правила каталогизации RCR
801 Источник записи _1
a Страна RU
b Организация УОБДЮ
c Дата составления 20241211
g Правила каталогизации RCR
852 Данные о местонахождении __
i Авторский знак Р 38
j Шифр хранения Р2
900 Электронные ресурсы __
a Имя электронного ресурса 589953
901 Тип документа __
t Тип документа m
905 Данные по созданию БЗ __
b Логин пользователя, который создал БЗ imm
b Логин пользователя, который создал БЗ o8
a Дата создания БЗ 202502
909 Создатель записи __
b Дата создания записи 20241211